000 00730cam a22002412 4500
999 _c6727
_d6727
001 0000004922
003 OSt
005 20170314154255.0
008 070604s xx 000 0 eng d
020 _a1409342007
040 _aKABU
_cKABU
050 0 _aRC87
_b.F57 2014 C.1
245 1 0 _aFirst aid manual :
_cThe Voluntary Aid Societies.
250 _a10th ed..
260 _aLondon :
_bDorling Kindersley,
_c2014
300 _a288 p.
650 0 _aFirst aid in illness and injury.
650 0 _aFird aid
908 _a070604
942 _2lcc
_cBK
_e10th ed.
_hRc 87 .F57 2014 C.1